Filter Bubbles

Na minha lista:
Detalhes bibliográficos
Autor principal: Pažický, Martin (Author)
Outros Autores: Stupavský, Igor (Thesis advisor)
Formato: Manuscrito Livro
Idioma:eslovaco
inglês
Publicado em: 2025
Assuntos:
Acesso em linha:http://is.stuba.sk/zp/portal_zp.pl?podrobnosti=177138
Tags: Adicionar Tag
Sem tags, seja o primeiro a adicionar uma tag!

MARC

LEADER 00000ntm a22000003a 4500
001 stuzp105793
003 SK-STU
005 20250607211625.7
007 ta
008 150427s2015----xo-----f-mn---000-0-slo-d
040 |a STU  |b slo 
041 0 |a eng 
100 1 |a Pažický, Martin  |u 070200  |4 aut  |U FIIT Fakulta informatiky a informačných technológií  |T FIIT Ústav informatiky, informačných systémov a softvérového inžinierstva  |X 103086  |U I200  |Y 179  |7 103086 
242 0 1 |a Filtračné bubliny  |y slo 
245 1 0 |a Filter Bubbles 
260 |c 2025 
650 4 |a weak supervision  |2 eng 
650 4 |a misinformation detection  |2 eng 
650 4 |a filter bubbles  |2 eng 
650 4 |a Filtračné bubliny  |2 slo 
650 4 |a Učenie pod slabým dohľadom  |2 slo 
650 4 |a Detekcia dezinformácií  |2 slo 
700 1 |a Stupavský, Igor  |4 ths  |X 50946  |7 50946 
856 4 |u http://is.stuba.sk/zp/portal_zp.pl?podrobnosti=177138